| 000 | 01038 a2200325 4500 | ||
|---|---|---|---|
| 001 | 71351 | ||
| 999 |
_c71351 _d485 |
||
| 003 | TR-AnTOB | ||
| 005 | 20241108195926.0 | ||
| 008 | 110502s1998 tu h b 000 0 d | ||
| 040 |
_aIWA _cIWA _dQCL |
||
| 041 | _aeng | ||
| 050 |
_aDS195.5 _b.A76 2007 |
||
| 090 | _aDS195.5 .A76 2007 | ||
| 245 | 0 |
_aArmenian claims and historical facts : _bquestions and answers. |
|
| 246 | _aArmenian allegations and historical facts. | ||
| 264 | 1 |
_aAnkara : _bCenter for Strategic Research, _c2007. |
|
| 300 |
_a72 p.: _bfacsims.; _c27 cm. |
||
| 504 | _aIncludes bibliographical references (p. 70-72). | ||
| 650 | 7 |
_aErmeniler _zTürkiye _2etuturkob _96426 |
|
| 650 | 0 |
_aArmenians _zTurkey _915004 |
|
| 650 | 0 |
_aErmeni sorunu _96430 |
|
| 650 | 7 |
_aArmenian question _2 _99838 |
|
| 651 |
_aTürkiye _xTarih _yMehmed V, 1909-1918 _920755 |
||
| 651 | 0 |
_aTurkey _xHistory _yMehmed V, 1909-1918 _920753 |
|
| 740 | _aArmenian allegations and historical facts. | ||
| 902 | _a0024702 | ||
| 903 | _aMerkez Kütüphane | ||
| 945 | _a?, SA | ||
| 942 | _cBK | ||